• 首页
  • 本馆介绍
  • 公告通知
  • 最新文献
  • 馆藏检索
  • 电子资源
  • 读者导购
  • 参考咨询
  • 我的图书馆
  • 登录
  • 详细信息显示
  • 放入我的书架
  • 预约/预借图书
  • 作者相关作品
  • 分类相关作品
  • 丛书相关作品
  • 出版社相关作品

书目信息

  • 表格格式
  • 工作单格式
  • 卡片格式
题名:
数学和力学基础知识
    
 
作者: ;铁道部大桥工程局第五工程处 编
分册: 第一册  
出版信息: 北京   人民铁道出版社  1977
页数: 324页
开本: 19cm
丛书名: 铁路勘测设计基础丛书
单 册:
中图分类: O143
科图分类:
主题词: 工程数学--基本知识 , 力学--基本知识 , 数学--基本知识
电子资源:
ISBN:
000 00852nam2 2200265 45
001 0178001101
005 20060927153752.53
010    @dCNY0.70
091    @aCN@b15043.6089
100    @a19950801d1977 em y0chiy0121 ea
101 0  @achi
102    @aCN@b110000
105    @ay z 000yy
200 10 @a数学和力学基础知识@Ashu xue he li xue ji chu zhi shi di san ce@h第一册@f铁道部西南交通大学桥梁专业,铁道部大桥工程局第五工程处编
210    @a北京@c人民铁道出版社@d1977
215    @a324页@d19cm
225 2  @a铁路勘测设计基础丛书
410  0 @120010@a铁路勘测设计基础丛书
606    @a工程数学@x基本知识
606    @a力学@x基本知识
606    @a数学@x基本知识
690    @aO143@v3
711 02 @a铁道部大桥工程局第五工程处@Atie dao bu da qiao gong cheng ju di wu gong cheng chu@4编
801  0 @aCN@bTSSF@c20060927
905    @a10447@dO143@e65:1
    
    数学和力学基础知识.第一册/铁道部西南交通大学桥梁专业,铁道部大桥工程局第五工程处编.-北京:人民铁道出版社,1977
    324页;19cm.-(铁路勘测设计基础丛书)
    
    
    ISBN :CNY0.70
    
●
相关链接 在E读中查询图书 在五车中查询图书 在当当中查询图书 在豆瓣中查询图书


正题名:数学和力学基础知识     索取号:O143/65:1         预约/预借

序号 登录号 条形码 馆藏地/架位号 状态 备注
1 0422484   204224847   密集书库/ [索取号:O143/65:1] 在馆    
2 0431536   204315366   密集书库/ [索取号:O143/65:1] 在馆    
3 0442441   204424417   密集书库/ [索取号:O143/65:1] 在馆    
4 0462118   204621187   密集书库/ [索取号:O143/65:1] 在馆    
唐山师范学院图书馆 欢迎您!
大连网信软件有限公司© 版权所有